000 00448nam a2200181Ia 4500
008 221030s9999 xx 000 0 und d
020 _a0074635913
041 _aEnglish
082 _a105.23
_bEdm
100 _aJ. A. Edminister
245 0 _aTheory & Problems of Electric Circuits
_cby J. A. Edminister, N. Mahmood
250 _a3rd
260 _bTMH
_aNew Delhi
_c1999
300 _a468
650 _aEE
700 _aN. Mahmood
942 _cBK
999 _c5695
_d5695